000 01238cam a22003497a 4500
003 CHAP
005 20220329142458.0
008 010604d2000 mx r 00110 spa d
010 _a84054
011 _a85026
035 _a95553
040 _cCHAP
090 _aTesis
100 0 0 _aLópez Santos, Sandra Luz.
_968330
245 1 0 _aSincronización del estro con protaglandina (PGF²a) y progestageno (Norgestomet) en vacas productoras de carne
_c/por Sandra Luz López Santos
260 _aHuehuetán, Chis. :
_bEl autor,
_c2001.
300 _a53 h.
502 _aTesis (Ing. Agr. Tropical) -- Universidad Autónoma de Chiapas. Facultad de Ciencias Agrícolas
590 _aALEPH
_b10
_c20130110
_lUCH01
_h1442
590 _aBATCH-UPD
_b10
_c20130110
_lUCH01
_h0536
590 _aBATCH-UPD
_b10
_c20130410
_lUCH01
_h0217
590 _aBATCH-UPD
_b10
_c20130914
_lUCH01
_h0931
590 _aCONVERSION
_b10
_c20130109
_lUCH01
_h1347
650 1 4 _aCiclo estrual.
_923072
650 1 4 _aGanado de carne.
_945067
650 1 4 _aHormonas
_xEfecto en animales domésticos.
_956236
650 1 4 _aProgesterona.
_992245
901 _aBK
905 _aLilia Sánchez G.
942 _cTESIS
949 _aTesis
_bBC
_cTES
_d955531
_eTS1
_h38072
_i95553
_sb
999 _c84054
_d84054